Bộ não tí hon cái nôi của thiên tài

Những cách giúp bé phát huy tối đa khả năng tư duy và trí tuệ để phát triển toàn diện

שמור ב:
מידע ביבליוגרפי
מחבר ראשי: Buzan, Tony
פורמט: ספר
שפה:Undetermined
יצא לאור: Thành phố Hồ Chí Minh Tổng hợp Thành phố Hồ Chí Minh 2014
נושאים:
תגים: הוספת תג
אין תגיות, היה/י הראשונ/ה לתייג את הרשומה!
Thư viện lưu trữ: Trung tâm Học liệu Trường Đại học Cần Thơ
LEADER 00795nam a2200205Ia 4500
001 CTU_197024
008 210402s9999 xx 000 0 und d
020 |c 76000 
082 |a 371.3 
082 |b B917/T.1 
100 |a Buzan, Tony 
245 0 |a Bộ não tí hon cái nôi của thiên tài 
245 0 |c Tony Buzan; Phạm Hoa Phượng (dịch) 
260 |a Thành phố Hồ Chí Minh 
260 |b Tổng hợp Thành phố Hồ Chí Minh 
260 |c 2014 
520 |a Những cách giúp bé phát huy tối đa khả năng tư duy và trí tuệ để phát triển toàn diện 
650 |a Teaching methhod,Mind maps,Kỹ năng giảng dạy 
904 |i Nguyên 
980 |a Trung tâm Học liệu Trường Đại học Cần Thơ